000 01092nam a22003617a 4500
001 0051268
003 KOHA_MİRAKIL
005 20260207003800.0
007 ta
008 150629b2013 tu |||gr||||#0|||1|tur |
020 _a9786051334998
040 _aTR-BiSEU
_btur
_cTR-BiSEU
_erda
041 0 _atur
044 _ctu
050 _aPE1449
_b.K35 2013
100 1 _aKalay, Nevzat.
245 1 _aAcademic vocabulary :
_bYDS, LYS, KPSS, TOEFL, IELTS, PROFICIENCY/
_cNevzat Kalay ; Nevzat Kalay.
250 _a4th Edition
264 1 _aAnkara :
_bNobel
_c2013
300 _aVI, 385 pages ;
_c28 cm.
336 _ametin
_btxt
_2rdacontent
337 _aaracısız
_bn
_2rdamedia
338 _acilt
_bnc
_2rdacarrier
490 1 _aNobel yayın nu ;
_v597.
490 1 _aYabancı Diller nu ;
_v18
650 0 _aVocabulary.
_943276
650 0 _aVocabulary tests--Study guides.
_995207
650 0 _aEnglish language--Study and teaching.
_940817
830 1 _aNobel yayın nu ;
_v597.
_995187
830 1 _aYabancı Diller nu ;
_v18
_995208
907 _aDil
942 _2lcc
_cBK
999 _c51093
_d51093